000 02519cam a2200277 4500500
005 20260322001553.0
041 _afre
042 _adc
100 1 0 _aMelogno, Sergio
_eauthor
700 1 0 _aPinto, Maria Antonietta
_eauthor
245 0 0 _aMenores refugiados de guerra: Una intervención centrada en estrategias de afrontamiento
260 _c2023.
500 _a17
520 _aDescribimos una intervención psicoeducativa diseñada para promover una actitud de resiliencia en menores refugiados de guerra. Basándonos en la literatura más reciente sobre resiliencia, que considera esta noción como un proceso dinámico y constructivo basado en estrategias de afrontamiento, establecimos una intervención de tres sesiones centrada en la lectura conjunta de un cuento infantil titulado «El momento perfecto». La historia, centrada en las vicisitudes de una ardilla y otros animales, se eligió porque parecía evocar la condición de los menores de forma simbólica. En el experimento participaron quince menores ucranianos (de siete a doce años) que vivían en un campus universitario de Italia, dos psicólogos italianos y cuatro estudiantes de ciencias sociales bilingües (en ucraniano e italiano). Sesión tras sesión, los niños participaban en la historia en distintos ámbitos de representación, desde la descodificación de las imágenes del libro hasta la dramatización de las acciones, pasando por la denominación de estas acciones usando los verbos «hacer», «decir» y «pensar», con todas las comunicaciones transmitidas en ucraniano. Estos verbos se concibieron como significantes lingüísticos de estrategias de afrontamiento capaces de transformar sentimientos o acontecimientos negativos en acciones constructivas, en colaboración con los compañeros. Desde la primera sesión, todos los menores mostraron una participación muy activa y una comprensión adecuada del experimento. Este puede ser el primer paso hacia un proyecto psicoeducativo más amplio.
690 _aestrategias de afrontamiento
690 _aintervención psicoeducativa
690 _amenores refugiados de guerra
690 _aprocesos constructivos
690 _aresiliencia
690 _aConstructive processes
690 _apsycho-educational intervention
690 _aresilience
690 _awar refugee children
786 0 _nEnfance | 3 | 3 | 2023-08-10 | p. 287-297 | 0013-7545
856 4 1 _uhttps://shs.cairn.info/revista-enfance-2023-3-page-287?lang=es&redirect-ssocas=7080
999 _c1715925
_d1715925